گنجينہء معنی (Record no. 182735)

MARC details
000 -LEADER
fixed length control field 00676nam a22001937a 4500
005 - DATE AND TIME OF LATEST TRANSACTION
control field 20211203115607.0
010 ## - LCCN (DPL NO)
LC control number UR-11348
020 ## - INTERNATIONAL STANDARD BOOK NUMBER
Terms of availability 600.00
International Standard Book Number 9789390533206
035 ## - SYSTEM CONTROL NUMBER
System control number U-9903
037 ## - SOURCE OF ACQUISITION
Source of stock number/acquisition DBAD/PUB
082 ## - DEWEY DECIMAL CLASSIFICATION NUMBER
Classification number 840.08
100 ## - MAIN ENTRY--PERSONAL NAME
Personal name مر تبہ: سر فر ا ز ا حمد خا ن
245 ## - TITLE STATEMENT
Title گنجينہء معنی
Statement of responsibility, etc مر تبہ: سر فر ا ز ا حمد خا ن
246 ## - VARYING FORM OF TITLE
Title proper/short title Ganjeena-e-Mani (Urdu)
Remainder of title Edited by Sarfaraz Ahmed Khan
260 ## - PUBLICATION, DISTRIBUTION, ETC. (IMPRINT)
Place of publication, distribution, etc N.Delhi
Date of publication, distribution, etc 2020 ء
Name of publisher, distributor, etc Educational Publishing House
270 ## - ADDRESS
Address D1/16,Ansari Road,Darya Ganj,
City New Delhi
Postal code 110002
Fax number -
300 ## - PHYSICAL DESCRIPTION
Extent 688 ص
Dimensions 22 Cm(Hb)
942 ## - ADDED ENTRY ELEMENTS (KOHA)
Source of classification or shelving scheme Dewey Decimal Classification
Item type Urdu Bks
Classification part 840.08
Call number suffix س ر ف
Holdings
Withdrawn status Lost status Not for loan Collection code Home library Current library Date acquired Source of acquisition Cost, normal purchase price Full call number Barcode Copy number Cost, replacement price Koha item type
    Not For Loan Non-fiction D.B.Act.Division Central Library 03/12/2021 DBAD/PUB 600.00 840.08 س ر ف U-9903 1 600.00 Urdu Bks

© Delhi Public Library
Hit Counter
free hit counter